[Event "NK Jeugd Am"]
[Site "Assen"]
[Date "2017.04.23"]
[Round "1.1"]
[White "Waardenburg, Feline"]
[Black "Waardenburg, Lisanne"]
[Result "1/2-1/2"]
[BlackElo "1787"]
[WhiteElo "1596"]
[LiveChessVersion "1.4.8"]

1. c4 {[%clk 1:30:58]} Nf6 {[%clk 1:30:48]} 2. Nc3 {[%clk 1:31:20]} g6
{[%clk 1:30:59]} 3. g3 {[%clk 1:31:27]} Bg7 {[%clk 1:31:02]} 4. Bg2
{[%clk 1:31:45]} O-O {[%clk 1:30:54]} 5. Nf3 {[%clk 1:31:47]} c6 {[%clk 1:30:43]}
6. d4 {[%clk 1:31:50]} d5 {[%clk 1:29:20]} 7. cxd5 {[%clk 1:28:12]} cxd5
{[%clk 1:27:44]} 8. O-O {[%clk 1:26:15]} b6 {[%clk 1:25:43]} 9. Ne5
{[%clk 1:23:40]} Bb7 {[%clk 1:24:57]} 10. Bf4 {[%clk 1:23:29]} Nc6
{[%clk 1:19:43]} 11. Qa4 {[%clk 1:16:19]} Rc8 {[%clk 1:18:53]} 12. Rac1
{[%clk 1:14:39]} a6 {[%clk 1:16:34]} 13. Nxc6 {[%clk 1:09:52]} Rxc6
{[%clk 1:16:39]} 14. Be5 {[%clk 1:08:12]} e6 {[%clk 1:15:59]} 15. Nxd5
{[%clk 0:59:59]} Rxc1 {[%clk 1:07:31]} 16. Nxf6+ {[%clk 0:59:38]} Bxf6
{[%clk 1:06:57]} 17. Rxc1 {[%clk 0:59:57]} Bxe5 {[%clk 1:06:38]} 18. Bxb7
{[%clk 0:59:53]} Qxd4 {[%clk 1:05:40]} 19. Qxd4 {[%clk 0:58:42]} Bxd4
{[%clk 1:05:50]} 20. Bxa6 {[%clk 0:58:48]} Bxb2 {[%clk 1:04:57]} 21. Rc8
{[%clk 0:57:53]} Rxc8 {[%clk 1:04:39]} 22. Bxc8 {[%clk 0:57:57]} 1/2-1/2

[Event "NK Jeugd Am"]
[Site "Assen"]
[Date "2017.04.23"]
[Round "1.2"]
[White "De Jong, Eliza"]
[Black "Naber, Quirine"]
[Result "1-0"]
[WhiteElo "1579"]
[BlackElo "1790"]
[PlyCount "49"]
[EventDate "2017.??.??"]

1. e4 e6 2. d4 d5 3. exd5 exd5 4. Bd3 Nf6 5. Bf4 Bd6 6. Ne2 Nc6 7. c3 O-O 8.
O-O Re8 9. Bxd6 Qxd6 10. Nd2 Bg4 11. f3 Bd7 12. Ng3 Qf4 13. Qc2 Re3 14. Nb3
Rae8 15. Nc5 Nxd4 16. cxd4 Qxd4 17. Kh1 Bc8 18. Rad1 Qh4 19. Qf2 b6 20. Nb3 c5
21. Nc1 c4 22. Be4 dxe4 23. Qxe3 exf3 24. Qxf3 Bg4 25. Qf4 1-0

[Event "NK Jeugd Am"]
[Site "Assen"]
[Date "2017.04.23"]
[Round "1.3"]
[White "Dubbeldam, Lydia"]
[Black "Vermeulen, Dewi"]
[Result "1-0"]
[WhiteElo "1755"]
[BlackElo "1684"]
[PlyCount "101"]
[EventDate "2017.??.??"]

1. e4 e5 2. Nf3 Nc6 3. d4 exd4 4. Nxd4 Nf6 5. Nxc6 bxc6 6. e5 Qe7 7. Qe2 Nd5 8.
c4 Nb6 9. Nd2 g6 10. b3 Bg7 11. Bb2 O-O 12. f4 Re8 13. Nf3 a5 14. Qd2 d6 15.
Be2 Be6 16. exd6 cxd6 17. Bxg7 Kxg7 18. O-O Kg8 19. Nd4 Qd7 20. f5 Bxf5 21.
Nxf5 gxf5 22. Qg5+ Kh8 23. Qf6+ Kg8 24. Bd3 Qe6 25. Qxf5 Qxf5 26. Rxf5 Re5 27.
Raf1 Ra7 28. Rf6 Re6 29. R1f3 Rae7 30. R6f5 Re5 31. Rf6 R5e6 32. R6f4 Re3 33.
Kf2 Rxf3+ 34. Rxf3 Nd7 35. Rf5 Re5 36. Rf4 Re6 37. Bf5 Re7 38. Rd4 Ne5 39. Rxd6
Ra7 40. h3 a4 41. Be4 axb3 42. axb3 Ra2+ 43. Ke3 Ra3 44. Kd4 Ng6 45. Bxg6 hxg6
46. b4 Rg3 47. Rxc6 Rxg2 48. b5 f5 49. b6 f4 50. b7 Rb2 51. Rc8+ 1-0

[Event "NK Jeugd Am"]
[Site "Assen"]
[Date "2017.04.23"]
[Round "1.4"]
[White "Koning, Femke"]
[Black "Van Foreest, Machteld"]
[Result "0-1"]
[WhiteElo "1448"]
[BlackElo "1826"]
[PlyCount "114"]
[EventDate "2017.??.??"]

1. e4 e5 2. Nf3 Nc6 3. d4 exd4 4. Nxd4 Nf6 5. Nxc6 bxc6 6. Bd3 d6 7. Nc3 Be7 8.
O-O O-O 9. Qe2 Re8 10. b3 Bf8 11. Bg5 Be7 12. Bd2 Be6 13. Rad1 Qd7 14. Bg5 h6
15. Bh4 Qc8 16. Rfe1 Qb7 17. Bg3 Qb4 18. Qd2 Nh5 19. Ne2 Qxd2 20. Rxd2 Bf6 21.
Rdd1 Nxg3 22. Nxg3 Bc3 23. Rf1 g6 24. Ne2 Bg7 25. c3 d5 26. Nd4 Bxd4 27. cxd4
dxe4 28. Bxe4 Bxb3 29. Bxc6 Bxd1 30. Bxa8 Bh5 31. Bc6 Re2 32. a4 Rd2 33. d5 Bd1
34. f3 Bb3 35. Rc1 Kf8 36. Bb5 Rc2 37. Rxc2 Bxc2 38. Kf2 Ke7 39. Ke3 Kd6 40.
Kd4 a5 41. f4 g5 42. g3 f5 43. h3 Bd1 44. h4 gxh4 45. gxh4 Bb3 46. Bc6 Bd1 47.
Bb5 Bf3 48. Bc6 Be4 49. Bb7 Bc2 50. Bc8 Bxa4 51. Bxf5 Bb3 52. Be4 a4 53. f5 a3
54. Kc3 Bxd5 55. Bc2 Ke5 56. Bb3 a2 57. Bxa2 Bxa2 0-1

[Event "NK Jeugd Am"]
[Site "Assen"]
[Date "2017.04.24"]
[Round "2.1"]
[White "Naber, Quirine"]
[Black "Dubbeldam, Lydia"]
[Result "1/2-1/2"]
[WhiteElo "1790"]
[BlackElo "1755"]
[PlyCount "35"]
[EventDate "2017.??.??"]

1. e4 e6 2. d4 d5 3. Nc3 Nf6 4. e5 Nfd7 5. f4 c5 6. Nf3 Nc6 7. Be3 cxd4 8. Nxd4
Bc5 9. Qd2 a6 10. Bf2 Nxd4 11. Bxd4 Qc7 12. Rd1 b5 13. g3 O-O 14. Qe3 Bb7 15.
Bd3 Rac8 16. Kf2 Bxd4 17. Qxd4 Qc5 18. Ne2 1/2-1/2

[Event "NK Jeugd Am"]
[Site "Assen"]
[Date "2017.04.24"]
[Round "2.2"]
[White "Vermeulen, Dewi"]
[Black "Koning, Femke"]
[Result "1-0"]
[WhiteElo "1684"]
[BlackElo "1448"]
[PlyCount "77"]
[EventDate "2017.??.??"]

1. e4 e5 2. Nf3 Nc6 3. c3 Nf6 4. d4 exd4 5. e5 Qe7 6. cxd4 h6 7. Nc3 d6 8. Bb5
Bd7 9. O-O dxe5 10. dxe5 Ng4 11. h3 Ngxe5 12. Nxe5 Nxe5 13. Re1 O-O-O 14. Qe2
Ng6 15. Be3 Qf6 16. Bxa7 Nf4 17. Qe4 Qg5 18. Bxd7+ Rxd7 19. Kh1 Bd6 20. Be3 Re7
21. Qf3 Rhe8 22. Red1 Qf6 23. Rac1 Qg5 24. Rxd6 Rxe3 25. fxe3 Rxe3 26. Qg4+
Qxg4 27. hxg4 Re5 28. Rd4 Ne6 29. Re4 Rc5 30. b4 Rc6 31. Ne2 Ra6 32. Rc2 Ng5
33. Rec4 Ne6 34. Nd4 Nxd4 35. Rxd4 Re6 36. Rcd2 Re8 37. Rd7 g6 38. Rxf7 Re4 39.
Rf8+ 1-0

[Event "NK Jeugd Am"]
[Site "Assen"]
[Date "2017.04.24"]
[Round "2.3"]
[White "Waardenburg, Lisanne"]
[Black "Van Foreest, Machteld"]
[Result "0-1"]
[WhiteElo "1787"]
[BlackElo "1826"]
[PlyCount "84"]
[EventDate "2017.??.??"]

1. f4 d5 2. Nf3 Nc6 3. e3 Nf6 4. d4 e6 5. c3 Bd6 6. Bd3 Ne4 7. O-O f5 8. Nbd2
O-O 9. a3 a5 10. Qe1 b6 11. Ne5 Nxe5 12. dxe5 Be7 13. Nf3 c5 14. Qe2 Bb7 15.
Rd1 Bc6 16. Bxe4 fxe4 17. Nd2 Qc7 18. Qg4 Qc8 19. b3 Rf5 20. Nf1 a4 21. b4 cxb4
22. cxb4 Bd7 23. Ng3 Qc3 24. Bd2 Qd3 25. Nxf5 exf5 26. Qg3 Rc8 27. Be1 Qb3 28.
Qf2 Bb5 29. Qa2 Qxe3+ 30. Bf2 Qb3 31. Qxb3 axb3 32. Rab1 Ba4 33. Be3 Rc3 34.
Kf2 Rc2+ 35. Rd2 d4 36. Rxc2 dxe3+ 37. Kxe3 bxc2 38. Rc1 Kf7 39. Kd4 Ke6 40. h3
Bh4 41. g4 Bf2+ 42. Kc4 Be3 0-1

[Event "NK Jeugd Am"]
[Site "Assen"]
[Date "2017.04.24"]
[Round "2.4"]
[White "Waardenburg, Feline"]
[Black "De Jong, Eliza"]
[Result "1-0"]
[WhiteElo "1596"]
[BlackElo "1579"]
[PlyCount "51"]
[EventDate "2017.??.??"]

1. d4 d5 2. Bg5 c5 3. dxc5 f6 4. Bh4 e5 5. e3 Be6 6. Nf3 Bxc5 7. c3 Ne7 8. Be2
Nbc6 9. Nbd2 e4 10. Nd4 Nxd4 11. cxd4 Bd6 12. Qb3 b6 13. Nxe4 Nf5 14. Nxd6+
Qxd6 15. Bg3 Nxg3 16. hxg3 g5 17. Rc1 f5 18. Bb5+ Bd7 19. a3 O-O 20. Bxd7 Qxd7
21. Rh5 Qd8 22. Rc6 f4 23. gxf4 Rxf4 24. Rhh6 Rf7 25. Rhd6 Rd7 26. Qxd5+ 1-0

[Event "NK Jeugd Am"]
[Site "Assen"]
[Date "2017.04.25"]
[Round "3.1"]
[White "Van Foreest, Machteld"]
[Black "Vermeulen, Dewi"]
[Result "1/2-1/2"]
[WhiteElo "1826"]
[BlackElo "1684"]
[PlyCount "77"]
[EventDate "2017.??.??"]

1. d4 d5 2. c4 c6 3. Nc3 Nf6 4. Nf3 e6 5. e3 Be7 6. Bd3 dxc4 7. Bxc4 b5 8. Be2
a6 9. O-O O-O 10. Qc2 Nbd7 11. e4 Bb7 12. Bd3 g6 13. Bh6 Re8 14. Rac1 c5 15.
dxc5 Nxc5 16. Rfd1 Nxd3 17. Rxd3 Qa5 18. e5 Ne4 19. Rd7 Nxc3 20. Qxc3 Qxc3 21.
Rxc3 Red8 22. Rxd8+ Rxd8 23. h3 Rc8 24. Rd3 Bd5 25. b3 f6 26. exf6 Bxf6 27. Bg5
Bxf3 28. Bxf6 Bd5 29. Rc3 Rxc3 30. Bxc3 Kf7 31. g3 Be4 32. b4 Bb1 33. a3 Ke7
34. Be5 Kd7 35. f4 h5 36. Kf2 Bf5 37. h4 Kc6 38. Ke3 Kd5 39. Bb2 1/2-1/2

[Event "NK Jeugd Am"]
[Site "Assen"]
[Date "2017.04.25"]
[Round "3.2"]
[White "Dubbeldam, Lydia"]
[Black "Waardenburg, Feline"]
[Result "0-1"]
[WhiteElo "1755"]
[BlackElo "1596"]
[PlyCount "94"]
[EventDate "2017.??.??"]

1. e4 c6 2. d4 d5 3. e5 Bf5 4. Nc3 e6 5. g4 Bg6 6. h4 h5 7. g5 Nd7 8. Nge2 Ne7
9. Nf4 Qc7 10. Be2 O-O-O 11. b4 Be4 12. f3 Bf5 13. Rb1 g6 14. b5 Nb6 15. Kf2 c5
16. Be3 Nc4 17. Bxc4 dxc4 18. b6 axb6 19. Nb5 cxd4 20. Bxd4 Rxd4 21. Qxd4 Nc6
22. Qxc4 Bc5+ 23. Kg2 Qxe5 24. Rhe1 Qb8 25. Nd3 Rd8 26. Rbd1 Be7 27. f4 Bg4 28.
Rb1 Rd5 29. Ne5 Rc5 30. Qd3 Rd5 31. Qe3 Bc5 32. Qc3 Bf5 33. Kg3 Qa8 34. Ra1 Qa4
35. Rab1 Bxc2 36. Rbc1 Bf5 37. Nxf7 Rd3+ 38. Qxd3 Bxd3 39. Nbd6+ Bxd6 40. Nxd6+
Kd7 41. Rcd1 Kxd6 42. Rxd3+ Ke7 43. Rde3 Nd4 44. Re4 Nf5+ 45. Kf2 Qxa2+ 46.
R1e2 Qd5 47. Re5 Qc6 0-1

[Event "NK Jeugd Am"]
[Site "Assen"]
[Date "2017.04.25"]
[Round "3.3"]
[White "De Jong, Eliza"]
[Black "Waardenburg, Lisanne"]
[Result "1-0"]
[WhiteElo "1579"]
[BlackElo "1787"]
[PlyCount "139"]
[EventDate "2017.??.??"]

1. e4 c6 2. d4 d5 3. Nc3 dxe4 4. Nxe4 Bf5 5. Ng3 Bg6 6. Nf3 Nd7 7. Nh4 e6 8.
Nxg6 hxg6 9. Bd3 Qc7 10. c3 Bd6 11. Qf3 Ne7 12. h3 Nf6 13. Bg5 Nfd5 14. Ne4 f6
15. Nxd6+ Qxd6 16. Bd2 O-O-O 17. O-O-O g5 18. g3 Nc7 19. Qg4 Qd5 20. Kb1 Kb8
21. h4 g6 22. f4 gxf4 23. Bxf4 g5 24. c4 Qxd4 25. Bxc7+ Kxc7 26. Qxe6 Nc8 27.
Bc2 Qe5 28. Qxe5+ fxe5 29. Rxd8 Kxd8 30. Rd1+ Ke7 31. hxg5 Rg8 32. g6 Nd6 33.
c5 Nb5 34. Rf1 Rg7 35. Be4 Nd4 36. g4 Ne2 37. Rh1 Nf4 38. Rh7 Kf8 39. Rxg7 Kxg7
40. Bf5 Nxg6 41. Bc8 b6 42. cxb6 axb6 43. Kc2 Kf6 44. b4 Ne7 45. Bd7 Nd5 46. a3
Ne7 47. Kd3 Kg5 48. Ke4 Kf6 49. Ke3 Kg5 50. Kf3 Kf6 51. Ke4 Nd5 52. Bxc6 Nc3+
53. Kd3 Nd1 54. Bf3 Nf2+ 55. Ke3 Nh3 56. a4 Ng5 57. a5 bxa5 58. bxa5 Ne6 59. a6
Nc7 60. a7 Kg5 61. Ke4 Kf6 62. g5+ Ke6 63. Bg4+ Kd6 64. g6 Ke7 65. Kxe5 Kf8 66.
Kf6 Nd5+ 67. Ke6 Nb6 68. Kd6 Na8 69. Bf3 Nb6 70. Kc7 1-0

[Event "NK Jeugd Am"]
[Site "Assen"]
[Date "2017.04.25"]
[Round "3.4"]
[White "Koning, Femke"]
[Black "Naber, Quirine"]
[Result "0-1"]
[WhiteElo "1448"]
[BlackElo "1790"]
[PlyCount "158"]
[EventDate "2017.??.??"]

1. e4 e6 2. d4 d5 3. exd5 exd5 4. Bd3 Nf6 5. Nf3 Bd6 6. O-O O-O 7. Bg5 h6 8.
Be3 Nc6 9. c3 Ne7 10. Qc2 c6 11. Nbd2 Qc7 12. Rfe1 b5 13. b4 a5 14. a3 Be6 15.
Nb3 a4 16. Nbd2 Ng4 17. Nf1 Qd7 18. Ng3 f5 19. Bd2 f4 20. Nf1 Bf5 21. h3 Bxd3
22. Qxd3 Nf6 23. Ne5 Qc7 24. Nf3 Rae8 25. Re2 Nc8 26. Rae1 Rxe2 27. Rxe2 Nb6
28. Bc1 Nc4 29. N1d2 Nb6 30. Ne5 Nc4 31. Ndf3 Ne4 32. Ng6 Rf6 33. Nfh4 Qf7 34.
f3 Ng3 35. Re1 Re6 36. Kf2 Rxe1 37. Kxe1 Bc7 38. Kf2 Bd8 39. Bxf4 Bxh4 40. Bxg3
Bxg3+ 41. Kxg3 Nxa3 42. Ne5 Qf6 43. Qe2 Nc4 44. Ng4 Qg6 45. Kh2 h5 46. Ne5 Nxe5
47. dxe5 Kf7 48. f4 Ke6 49. Qf2 Qf5 50. Qf3 Qe4 51. Qg3 g6 52. Qg5 Qf5 53. Qg3
g5 54. Kg1 Qxf4 55. Qd3 Qe4 56. Qd1 Qe3+ 57. Kh1 Qxc3 58. Qxh5 Qe1+ 59. Kh2
Qxe5+ 60. Kh1 d4 61. Qg6+ Kd5 62. Qf7+ Qe6 63. Qf3+ Kc4 64. Qf1+ Kxb4 65. Qf8+
c5 66. Qf2 Qe3 67. Qb2+ Ka5 68. h4 Qe1+ 69. Kh2 Qxh4+ 70. Kg1 Qe1+ 71. Kh2 Qe3
72. g4 Qc3 73. Qe2 d3 74. Qf3 Qc2+ 75. Kh3 d2 76. Qa8+ Kb4 77. Qd5 d1=Q 78.
Qxg5 Qf3+ 79. Kh4 Qh2# 0-1

[Event "NK Jeugd Am"]
[Site "Assen"]
[Date "2017.04.26"]
[Round "4.1"]
[White "Naber, Quirine"]
[Black "Van Foreest, Machteld"]
[Result "1-0"]
[WhiteElo "1790"]
[BlackElo "1826"]
[PlyCount "93"]
[EventDate "2017.??.??"]

1. e4 c5 2. Nf3 e6 3. d4 cxd4 4. Nxd4 Nc6 5. Be3 Qc7 6. a3 a6 7. Nd2 Nf6 8. h3
b5 9. c3 Bb7 10. Qc2 Nxd4 11. Bxd4 e5 12. Be3 Bc5 13. Bxc5 Qxc5 14. Be2 O-O 15.
O-O d5 16. exd5 Qxd5 17. Nf3 e4 18. Rfd1 Qc5 19. Nd4 Qg5 20. Bf1 e3 21. Qf5
exf2+ 22. Qxf2 Ne4 23. Qf5 Qe3+ 24. Kh2 Qg3+ 25. Kg1 Qe3+ 26. Kh2 Rad8 27. Bd3
Qg3+ 28. Kg1 Ng5 29. Qg4 Qe3+ 30. Kh2 h6 31. Qg3 Qxg3+ 32. Kxg3 Rfe8 33. Re1
Be4 34. Bxe4 Nxe4+ 35. Kh2 Nc5 36. Rf1 Nd3 37. Rab1 Re3 38. Nf5 Re2 39. Nd4
Rxb2 40. Rxb2 Nxb2 41. Rb1 Na4 42. Nc6 Rc8 43. Ne7+ Kf8 44. Nxc8 Nxc3 45. Rc1
Ne4 46. Rc6 a5 47. Nd6 1-0

[Event "NK Jeugd Am"]
[Site "Assen"]
[Date "2017.04.26"]
[Round "4.2"]
[White "Waardenburg, Feline"]
[Black "Koning, Femke"]
[Result "1-0"]
[WhiteElo "1596"]
[BlackElo "1448"]
[PlyCount "97"]
[EventDate "2017.??.??"]

1. e4 e5 2. Nf3 Nc6 3. Bb5 d6 4. d4 exd4 5. Nxd4 Bd7 6. Bxc6 bxc6 7. O-O c5 8.
Nf3 Be7 9. h3 Be6 10. Nc3 c6 11. Re1 Nf6 12. Ng5 O-O 13. e5 Nd5 14. Nce4 dxe5
15. Nxe6 fxe6 16. Qg4 Qd7 17. Bh6 Bf6 18. Nxc5 Qe7 19. Nd3 Kh8 20. Bd2 Qd6 21.
Rad1 c5 22. Qe4 Rab8 23. c4 Nb6 24. b3 Nd7 25. Bc3 Qc7 26. Nxe5 Nxe5 27. Bxe5
Bxe5 28. Qxe5 Qf7 29. Qxc5 Rbc8 30. Qe3 Rce8 31. Rd4 e5 32. Rd5 h6 33. Red1 Re7
34. Rd8 Ree8 35. Rxe8 Rxe8 36. Rd5 Qf5 37. Qxa7 Qb1+ 38. Kh2 e4 39. Rd2 Qa1 40.
Qd4 Qe1 41. Qe3 Qa1 42. a4 Qe5+ 43. Qg3 Qf6 44. c5 Rc8 45. Rd6 Qe7 46. b4 Ra8
47. a5 Rb8 48. Rxh6+ gxh6 49. Qxb8+ 1-0

[Event "NK Jeugd Am"]
[Site "Assen"]
[Date "2017.04.26"]
[Round "4.3"]
[White "De Jong, Eliza"]
[Black "Dubbeldam, Lydia"]
[Result "1/2-1/2"]
[WhiteElo "1579"]
[BlackElo "1755"]
[PlyCount "112"]
[EventDate "2017.??.??"]

1. e4 e6 2. d4 d5 3. exd5 exd5 4. Bd3 Bd6 5. Ne2 Ne7 6. Bf4 O-O 7. O-O Bf5 8.
Re1 Nbc6 9. c3 Bxd3 10. Qxd3 Ng6 11. Bxd6 Qxd6 12. Qg3 Rad8 13. Na3 a6 14. Nc2
Nce7 15. Ne3 f5 16. Qxd6 Rxd6 17. f4 Re6 18. Kf2 Rff6 19. g3 Nf8 20. Ng1 Re4
21. Nf3 h6 22. Re2 c6 23. a4 Nc8 24. a5 Nd6 25. Ne5 g5 26. Ng2 Ng6 27. Kf3 Re6
28. Rae1 Kg7 29. h4 Nb5 30. h5 Nxe5+ 31. fxe5 Re8 32. Ne3 Rf8 33. Nd1 Kf7 34.
Nf2 Rxe2 35. Rxe2 Nc7 36. Nd3 Ne6 37. g4 fxg4+ 38. Kxg4 Ke7 39. Rf2 Rxf2 40.
Nxf2 Nf4 41. Nd1 Ke6 42. Ne3 c5 43. Nf5 Nxh5 44. Nxh6 Nf4 45. Kxg5 Nd3 46. b3
cxd4 47. cxd4 Nc1 48. b4 Nd3 49. Nf5 Nxb4 50. Nd6 Nc6 51. Nxb7 Nxd4 52. Kf4 Nb3
53. Nd8+ Kd7 54. Nb7 Ke6 55. Nd8+ Kd7 56. Nb7 Ke6 1/2-1/2

[Event "NK Jeugd Am"]
[Site "Assen"]
[Date "2017.04.26"]
[Round "4.4"]
[White "Waardenburg, Lisanne"]
[Black "Vermeulen, Dewi"]
[Result "1/2-1/2"]
[WhiteElo "1787"]
[BlackElo "1684"]
[PlyCount "83"]
[EventDate "2017.??.??"]

1. e4 e5 2. Nf3 Nc6 3. Bb5 a6 4. Ba4 Nf6 5. O-O b5 6. Bb3 Be7 7. Re1 d6 8. c3
O-O 9. h3 Na5 10. Bc2 c5 11. d4 Qc7 12. Nbd2 Re8 13. Nf1 g6 14. Ng3 Bf8 15. d5
Bg7 16. Nh2 b4 17. h4 h6 18. Qf3 Kh7 19. Ba4 Bd7 20. Bxd7 Qxd7 21. h5 Rec8 22.
Nhf1 Qg4 23. Qxg4 Nxg4 24. cxb4 cxb4 25. f3 Nf6 26. hxg6+ fxg6 27. Bd2 Rab8 28.
Ne3 Nd7 29. Rac1 Nc5 30. Red1 Rb5 31. b3 Bf8 32. Nh1 Rbb8 33. Nf2 h5 34. Nc4
Nxc4 35. Rxc4 a5 36. Nh3 Bh6 37. Ng5+ Kg7 38. Rdc1 Kf6 39. Nh7+ Kg7 40. Ng5 Kf6
41. Nh7+ Kg7 42. Ng5 1/2-1/2

[Event "NK Jeugd Am"]
[Site "Assen"]
[Date "2017.04.27"]
[Round "5.1"]
[White "Van Foreest, Machteld"]
[Black "Waardenburg, Feline"]
[Result "0-1"]
[WhiteElo "1826"]
[BlackElo "1596"]
[PlyCount "82"]
[EventDate "2017.??.??"]

1. e4 c6 2. d4 d5 3. exd5 Qxd5 4. c4 Qa5+ 5. Nc3 Qc7 6. Bd3 Nf6 7. Nf3 Bg4 8.
Be3 e6 9. Rc1 Nbd7 10. h3 Bh5 11. O-O Be7 12. Re1 O-O 13. Qe2 Rfe8 14. Kh1 a6
15. Rg1 e5 16. g4 exd4 17. gxh5 dxe3 18. Qxe3 Nxh5 19. Qh6 Ndf6 20. Bxh7+ Kf8
21. Qg5 Qf4 22. Ne5 Bd6 23. Qxf4 Nxf4 24. Rce1 Bxe5 25. Bf5 Bd4 26. Ref1 Ne2
27. Nxe2 Rxe2 28. Rd1 Bxf2 29. Rg2 Re1+ 30. Rxe1 Bxe1 31. Re2 Bb4 32. a3 Ba5
33. b4 Bc7 34. a4 a5 35. b5 c5 36. b6 Bd8 37. Kg2 Ra6 38. Rb2 Ne8 39. Rb5 Nd6
40. Rxc5 Nxf5 41. Rxf5 Rxb6 0-1

[Event "NK Jeugd Am"]
[Site "Assen"]
[Date "2017.04.27"]
[Round "5.2"]
[White "Vermeulen, Dewi"]
[Black "Naber, Quirine"]
[Result "1/2-1/2"]
[WhiteElo "1684"]
[BlackElo "1790"]
[PlyCount "36"]
[EventDate "2017.??.??"]

1. e4 e6 2. d3 d5 3. Nd2 c5 4. Ngf3 Nc6 5. g3 Be7 6. Bg2 Nf6 7. O-O O-O 8. Re1
Qc7 9. Nf1 b6 10. e5 Nd7 11. Bf4 Rd8 12. h4 Nf8 13. h5 Qd7 14. N1h2 f6 15. exf6
Bxf6 16. Ne5 Nxe5 17. Bxe5 Bxe5 18. Rxe5 Qf7 1/2-1/2

[Event "NK Jeugd Am"]
[Site "Assen"]
[Date "2017.04.27"]
[Round "5.3"]
[White "Koning, Femke"]
[Black "De Jong, Eliza"]
[Result "1-0"]
[WhiteElo "1448"]
[BlackElo "1579"]
[PlyCount "73"]
[EventDate "2017.??.??"]

1. e4 e5 2. Nf3 Nc6 3. d4 exd4 4. Nxd4 Nf6 5. Nxc6 bxc6 6. Bd3 d5 7. e5 Ng4 8.
Bf4 Bc5 9. Bg3 O-O 10. O-O Re8 11. Re1 Qg5 12. Nd2 Nxe5 13. Bxe5 Rxe5 14. Nf3
Rxe1+ 15. Qxe1 Qd8 16. Qc3 Qd6 17. Re1 Bd7 18. a3 f6 19. b4 Bb6 20. Qb3 c5 21.
c4 d4 22. b5 Re8 23. Rxe8+ Bxe8 24. Qc2 g6 25. Qe2 Kf7 26. Be4 Bd7 27. Qd3 c6
28. a4 f5 29. Bxc6 Bxc6 30. bxc6 Qxc6 31. Ne5+ Ke6 32. Nxc6 Kd6 33. Qf3 h6 34.
a5 Kc7 35. axb6+ axb6 36. Na7 Kb8 37. Nb5 1-0

[Event "NK Jeugd Am"]
[Site "Assen"]
[Date "2017.04.27"]
[Round "5.4"]
[White "Dubbeldam, Lydia"]
[Black "Waardenburg, Lisanne"]
[Result "0-1"]
[WhiteElo "1755"]
[BlackElo "1787"]
[PlyCount "98"]
[EventDate "2017.??.??"]

1. e4 c5 2. Nf3 d6 3. d4 cxd4 4. Nxd4 Nf6 5. Nc3 a6 6. a4 e6 7. Nf3 Qc7 8. Be2
Be7 9. O-O O-O 10. Bf4 Nbd7 11. Re1 b6 12. Nd2 Bb7 13. Bc4 Rfd8 14. b3 Qc5 15.
Qf3 Ne5 16. Qe2 Nxc4 17. Nxc4 b5 18. Be3 Qc6 19. Nb6 Qxc3 20. Nxa8 Bxa8 21. f3
Bc6 22. Qd3 Qxd3 23. cxd3 Nd7 24. axb5 Bxb5 25. d4 e5 26. d5 h6 27. Rab1 Nc5
28. b4 Nd3 29. Red1 Rc8 30. Rd2 Rc3 31. Rbd1 Nxb4 32. Bb6 Nd3 33. Ba5 Ra3 34.
Bc7 g6 35. g3 f5 36. Kg2 fxe4 37. fxe4 Nc5 38. Re1 Rc3 39. Bb6 Ra3 40. Bxc5
dxc5 41. d6 Bd8 42. Rd5 c4 43. Rxe5 c3 44. Rc5 Ra2+ 45. Kh1 Rd2 46. e5 c2 47.
e6 Rd1 48. Rg1 Rxd6 49. Rc8 Bc6+ 0-1

[Event "NK Jeugd Am"]
[Site "Assen"]
[Date "2017.04.28"]
[Round "6.1"]
[White "Waardenburg, Feline"]
[Black "Vermeulen, Dewi"]
[Result "1/2-1/2"]
[WhiteElo "1596"]
[BlackElo "1684"]
[PlyCount "48"]
[EventDate "2017.??.??"]

1. d4 Nf6 2. Nf3 g6 3. Bg5 Bg7 4. e3 d6 5. Bd3 Nbd7 6. Nbd2 O-O 7. c3 Re8 8.
O-O e5 9. Qc2 b6 10. Be4 Rb8 11. Rad1 h6 12. Bh4 g5 13. Bg3 Nxe4 14. Nxe4 d5
15. Ned2 e4 16. Ne1 Nf6 17. c4 Bg4 18. f3 exf3 19. gxf3 Bh3 20. Ng2 Bxg2 21.
Kxg2 Rxe3 22. cxd5 Nxd5 23. Ne4 Rxe4 24. Qxe4 Qd7 1/2-1/2

[Event "NK Jeugd Am"]
[Site "Assen"]
[Date "2017.04.28"]
[Round "6.2"]
[White "Waardenburg, Lisanne"]
[Black "Naber, Quirine"]
[Result "1-0"]
[WhiteElo "1787"]
[BlackElo "1790"]
[PlyCount "49"]
[EventDate "2017.??.??"]

1. e4 e6 2. d4 d5 3. Nc3 Nf6 4. Bg5 Be7 5. e5 Nfd7 6. h4 a6 7. Qg4 f6 8. Bf4
fxe5 9. dxe5 O-O 10. Qxe6+ Kh8 11. Nxd5 Nxe5 12. Qxe7 Nf3+ 13. gxf3 Re8 14.
Qxe8+ Qxe8+ 15. Be2 Qc6 16. O-O-O Bf5 17. Bc4 Nd7 18. Ne3 h6 19. Ne2 Bh7 20.
Bd5 Qa4 21. Bb3 Qc6 22. Rhg1 Nc5 23. Be5 Nxb3+ 24. axb3 Rg8 25. Nd4 1-0

[Event "NK Jeugd Am"]
[Site "Assen"]
[Date "2017.04.28"]
[Round "6.3"]
[White "De Jong, Eliza"]
[Black "Van Foreest, Machteld"]
[Result "1/2-1/2"]
[WhiteElo "1579"]
[BlackElo "1826"]
[PlyCount "94"]
[EventDate "2017.??.??"]

1. e4 c5 2. Nf3 e6 3. d4 cxd4 4. Nxd4 Nc6 5. Nc3 Qc7 6. Be3 a6 7. Qf3 Nf6 8.
Be2 Bb4 9. Nxc6 Qxc6 10. Bd2 Bxc3 11. Bxc3 Qxe4 12. Qxe4 Nxe4 13. Bxg7 Rg8 14.
Bd4 Nd6 15. g4 f5 16. h3 Kf7 17. a4 b5 18. Bf3 Bb7 19. Bxb7 Nxb7 20. axb5 axb5
21. Rxa8 Rxa8 22. b3 fxg4 23. hxg4 Kg6 24. Kd2 Nd6 25. f3 Nf7 26. Rh5 Ng5 27.
Ke3 d5 28. f4 Nf7 29. f5+ exf5 30. Rxf5 Re8+ 31. Kd3 Nh6 32. Rxd5 Nxg4 33. Rxb5
h5 34. Rb7 Rg8 35. Ke4 h4 36. Kf4 h3 37. Bg1 h2 38. Bxh2 Nxh2 39. Rb4 Kf6 40.
Ke3 Ke5 41. Re4+ Kd5 42. c4+ Kc5 43. Re5+ Kc6 44. Ke4 Ng4 45. Rf5 Rb8 46. Rb5
Rxb5 47. cxb5+ Kxb5 1/2-1/2

[Event "NK Jeugd Am"]
[Site "Assen"]
[Date "2017.04.28"]
[Round "6.4"]
[White "Dubbeldam, Lydia"]
[Black "Koning, Femke"]
[Result "1-0"]
[WhiteElo "1755"]
[BlackElo "1448"]
[PlyCount "33"]
[EventDate "2017.??.??"]

1. e4 e5 2. Nf3 Nc6 3. d4 exd4 4. Nxd4 Bc5 5. Be3 Qf6 6. c3 Nge7 7. g3 O-O 8.
Bg2 d6 9. f4 Bd7 10. Nc2 Bxe3 11. Nxe3 Rad8 12. O-O Rfe8 13. Nd2 Be6 14. f5 Bc8
15. Ng4 Qg5 16. h4 Qh5 17. Nf6+ 1-0

[Event "NK Jeugd Am"]
[Site "Assen"]
[Date "2017.04.29"]
[Round "7.1"]
[White "Naber, Quirine"]
[Black "Waardenburg, Feline"]
[Result "0-1"]
[WhiteElo "1790"]
[BlackElo "1596"]
[PlyCount "66"]
[EventDate "2017.??.??"]

1. e4 c6 2. d4 d5 3. e5 Bf5 4. Nf3 e6 5. Be2 Nd7 6. Nbd2 Bg6 7. c3 c5 8. g3 a6
9. a4 Qc7 10. Nh4 cxd4 11. Nxg6 dxc3 12. bxc3 hxg6 13. c4 Qxe5 14. Rb1 dxc4 15.
Rxb7 Rd8 16. Qc2 Nc5 17. Rb1 c3 18. Nf3 Qc7 19. O-O Nf6 20. Qxc3 Bd6 21. Kg2
O-O 22. Bg5 Qe7 23. Nd2 Nxa4 24. Qc6 Nc5 25. Bxa6 Nxa6 26. Qxa6 Ra8 27. Qc4 Qd7
28. Qd4 Nd5 29. Nc4 Qc6 30. Kg1 Ra4 31. Ne5 Bxe5 32. Qxe5 f6 33. Rbc1 Qd7 0-1

[Event "NK Jeugd Am"]
[Site "Assen"]
[Date "2017.04.29"]
[Round "7.2"]
[White "Vermeulen, Dewi"]
[Black "De Jong, Eliza"]
[Result "1/2-1/2"]
[WhiteElo "1684"]
[BlackElo "1579"]
[PlyCount "49"]
[EventDate "2017.??.??"]

1. e4 e5 2. Nf3 Nc6 3. Bb5 a6 4. Ba4 Nf6 5. d3 d6 6. c3 Be7 7. h3 Be6 8. O-O
O-O 9. Re1 Ne8 10. Nbd2 Kh8 11. Nf1 f5 12. exf5 Rxf5 13. d4 Bd5 14. N1h2 exd4
15. Nxd4 Re5 16. Nxc6 Rxe1+ 17. Qxe1 Bxc6 18. Bxc6 bxc6 19. Ng4 Nf6 20. Qe2 Qd7
21. Nxf6 Bxf6 22. Be3 a5 23. Rd1 Qe8 24. Qg4 c5 25. Bg5 1/2-1/2

[Event "NK Jeugd Am"]
[Site "Assen"]
[Date "2017.04.29"]
[Round "7.3"]
[White "Van Foreest, Machteld"]
[Black "Dubbeldam, Lydia"]
[Result "1/2-1/2"]
[WhiteElo "1826"]
[BlackElo "1755"]
[PlyCount "77"]
[EventDate "2017.??.??"]

1. e4 e6 2. d4 d5 3. exd5 exd5 4. c4 Nf6 5. Nc3 c6 6. Bd3 Be7 7. Nf3 O-O 8. O-O
Bg4 9. cxd5 Nxd5 10. a3 Nd7 11. Nxd5 cxd5 12. Bf4 Qb6 13. b4 Bf6 14. Rc1 Rac8
15. h3 Bxf3 16. Qxf3 Bxd4 17. Rxc8 Rxc8 18. Qxd5 Nf6 19. Qf5 Re8 20. Bg3 g6 21.
Qb5 Qxb5 22. Bxb5 Rd8 23. Re1 a6 24. Bc4 b5 25. Bf1 Bb2 26. Re3 Rd1 27. Rb3 Bd4
28. Rd3 Rxd3 29. Bxd3 Bb2 30. a4 Nd5 31. axb5 axb5 32. Bd6 Bc3 33. Bxb5 Bxb4
34. Be5 Bc3 35. Bg3 Bd4 36. Kf1 Nf6 37. Ke2 Ne4 38. Kf3 Nxg3 39. Kxg3 1/2-1/2